Pays Orthographe (Singulier) - Statistiques

Statistiques générales
  • Ce quiz a été pris 96 fois
  • Le résultat moyen est 42 sur 45
Statistiques - réponses
Question Tuile Select % Correct
Clique sur la bonne orthographe ! Ausstralie Non
100%
Clique sur la bonne orthographe ! Australi Non
100%
Clique sur la bonne orthographe ! Australies Non
100%
Clique sur la bonne orthographe ! Australy Non
100%
Clique sur la bonne orthographe ! Austtralies Non
100%
Clique sur la bonne orthographe ! Austtrallie Non
100%
Clique sur la bonne orthographe ! Ostrali Non
100%
Clique sur la bonne orthographe ! Australie Oui
95%
Clique sur la bonne orthographe ! Australlie Non
94%
Clique sur la bonne orthographe ! Caulombie Non
94%
Clique sur la bonne orthographe ! Collombie Non
94%
Clique sur la bonne orthographe ! Colombbie Non
94%
Clique sur la bonne orthographe ! Colombi Non
94%
Clique sur la bonne orthographe ! Colombie Oui
94%
Clique sur la bonne orthographe ! Colombies Non
94%
Clique sur la bonne orthographe ! Colomby Non
94%
Clique sur la bonne orthographe ! Colonbi Non
94%
Clique sur la bonne orthographe ! Colonbie Non
94%
Clique sur la bonne orthographe ! Kasacstan Non
94%
Clique sur la bonne orthographe ! Kazacxtan Non
94%
Clique sur la bonne orthographe ! Kazaketan Non
94%
Clique sur la bonne orthographe ! Kazakhsten Non
94%
Clique sur la bonne orthographe ! Kazaktan Non
94%
Clique sur la bonne orthographe ! Mecsique Non
94%
Clique sur la bonne orthographe ! Mesique Non
94%
Clique sur la bonne orthographe ! Mexic Non
94%
Clique sur la bonne orthographe ! Mexik Non
94%
Clique sur la bonne orthographe ! Mexiqe Non
94%
Clique sur la bonne orthographe ! Mexiqu Non
94%
Clique sur la bonne orthographe ! Mexxique Non
94%
Clique sur la bonne orthographe ! Kazakhsttan Non
93%
Clique sur la bonne orthographe ! Mexique Oui
93%
Clique sur la bonne orthographe ! Mexiques Non
93%
Clique sur la bonne orthographe ! Kasakstan Non
92%
Clique sur la bonne orthographe ! Rucie Non
92%
Clique sur la bonne orthographe ! Rusi Non
92%
Clique sur la bonne orthographe ! Rusie Non
92%
Clique sur la bonne orthographe ! Russi Non
92%
Clique sur la bonne orthographe ! Russid Non
92%
Clique sur la bonne orthographe ! Russie Oui
92%
Clique sur la bonne orthographe ! Russies Non
92%
Clique sur la bonne orthographe ! Russis Non
92%
Clique sur la bonne orthographe ! Russit Non
92%
Clique sur la bonne orthographe ! Kazakstan Non
74%
Clique sur la bonne orthographe ! Kazakhstan Oui
73%
Aucun quiz correspondant
Distribution des résultats
% des personnes avec chaque résultat
Percentile par nombre de réponses
Votre historique - résultats
Vous n’avez pas pris ce quiz